00607 a2200181 450000100060000002000180000604000240002410000160004824000400006424500350010430000070013936200090014665000310015594200070018695201040019395201110029799900170040847744 a9788566470017 cAnchieta - Aquarius aPitta, Pati10aÉ assim que as coisas são?lpor10aÉ assim que as coisas são? a470 a2013 4aLiteratura infanto-juvenil cBK 00104070a87.1b87.1d2023-11-21l0o028.5 PIT EASp6714/AQUr2023-11-21 15:14:40w2023-11-21yBK 00104070a12.22b12.22d2024-04-30l0o372.372 PIT EASpEST00011451r2024-04-30 22:14:19w2024-04-30yBK c47744d47744